| 000 | 03312nas1a22003491i 4500 | ||
|---|---|---|---|
| 001 | RU\NLR\Per\533880 | ||
| 005 | 20260407165437.0 | ||
| 035 | _a(NLR Aleph) 003157647 | ||
| 090 |
_a3071297 _c3071297 |
||
| 100 | _a20080407b200 2008|||y0rusy50 ca | ||
| 101 | 0 | _arus | |
| 102 | _aRU | ||
| 110 | _azu||||||||| | ||
| 200 | 1 |
_aСборник научных трудов молодых ученых _fфедерал. гос. образоват. учреждение высш. проф. образования "Тюм. гос. акад. культуры и искусств" |
|
| 210 |
_aТюмень _cРедакционно-издательский центр Тюменской государственной академии культуры и искусств _d2007 - 2008 |
||
| 300 | _aЗагл. обл.: Сборник научных работ аспирантов и молодых преподавателей | ||
| 300 | _aВ надзаг. также: Федерал. агентство по культуре и кинематографии, Деп. образования и науки Тюм. обл. | ||
| 311 | _aПродолжается как: Сборник научных трудов молодых ученых / Тюм. гос. акад. культуры, искусств и социал. технологий | ||
| 440 | 0 |
_12001#$aСборник научных трудов молодых ученых$fТюм. гос. акад. культуры, искусств и социал. технологий _171002$3RU\NLR\AUTH\8810155241$aТюменская государственная академия культуры, искусств и социальных технологий$4070 _tСборник научных трудов молодых ученых _aТюменская государственная академия культуры, искусств и социальных технологий |
|
| 512 | 1 | _aСборник научных работ аспирантов и молодых преподавателей | |
| 601 | 0 | 2 |
_aТюменская государственная академия культуры и искусств _jПериодические издания _92512470 _3RU\NLR\AUTH\661489316 |
| 686 | 1 | _aЯ431(2)39 | |
| 710 | 0 | 2 |
_aТюменская государственная академия культуры и искусств _3RU\NLR\AUTH\8810105006 _9710241 |
| 801 | 0 |
_aRU _bNLR _gPSBO |
|
| 801 | 1 |
_aRU _bNLR _c20080407 _2rusmarc |
|
| 801 | 2 |
_aRU _bNLR _c20080514 _2rusmarc |
|
| 852 |
_aNLR _jП1/755 |
||
| 942 | _cCOLLECTION | ||
| 980 | _aRUSPER | ||